ANATOMY, PHYSIOLOGYAND HEALTH EDUCATION (Record no. 21930)

MARC details
000 -LEADER
fixed length control field 00334nam a22001457a 4500
003 - CONTROL NUMBER IDENTIFIER
control field SGT
020 ## - INTERNATIONAL STANDARD BOOK NUMBER
International Standard Book Number 9789385915529
082 ## - DEWEY DECIMAL CLASSIFICATION NUMBER
Classification number 611
Item number A21A
100 ## - MAIN ENTRY--PERSONAL NAME
Personal name AGRAWAL, ROHINI
245 ## - TITLE STATEMENT
Title ANATOMY, PHYSIOLOGYAND HEALTH EDUCATION
260 ## - PUBLICATION, DISTRIBUTION, ETC. (IMPRINT)
Place of publication, distribution, etc INDIA
Name of publisher, distributor, etc CBS PUB
Year of Publication 2021
300 ## - PAGE DESCRIPTION
No. of Pages 645
650 ## - SUBJECT ADDED ENTRY--TOPICAL TERM
Topical term or geographic name as entry element HUMAN ANATOMY
942 ## - ADDED ENTRY ELEMENTS (KOHA)
Source of classification or shelving scheme Dewey Decimal Classification
Koha item type Books
942 ## - ADDED ENTRY ELEMENTS (KOHA)
-- 61
Holdings
Withdrawn status Lost status Source of classification or shelving scheme Damaged status Not for loan Collection code Home library Current library Shelving location Date acquired Vendor Name Cost, normal purchase price SGTU Bill Number Total Checkouts Full call number Accession No. (Barcode) Date last seen Date last borrowed Bill Date Koha item type Total Renewals
    Dewey Decimal Classification     NURSING SGT Medical Library SGT Medical Library Text Book 09/10/2021 ABC DELHI 795.00 SGTU 13308 13 611 A21A FN4432 30/04/2024 30/04/2024   Books  
    Dewey Decimal Classification   Not For Loan NURSING SGT Medical Library SGT Medical Library Text Book 09/10/2021 ABC DELHI 795.00 SGTU 13308   611 A21A FN4433 09/10/2021     Books  
    Dewey Decimal Classification     NURSING SGT Medical Library SGT Medical Library Text Book 09/10/2021 ABC DELHI 795.00 SGTU 13308 12 611 A21A FN4434 15/01/2025 04/01/2025   Books  
    Dewey Decimal Classification     NURSING SGT Medical Library SGT Medical Library Text Book 09/10/2021 ABC DELHI 795.00 SGTU 13308 22 611 A21A FN4435 24/01/2025 02/01/2025   Books 1
    Dewey Decimal Classification     NURSING SGT Medical Library SGT Medical Library Text Book 09/10/2021 ABC DELHI 795.00 SGTU 13308 14 611 A21A FN4436 23/01/2025 09/01/2025   Books